| 000 | 00830nam a2200265 a 4500 | ||
|---|---|---|---|
| 008 | |||
| 020 | _a0070165343 | ||
| 049 | _aMAIN | ||
| 090 | _aHB172 | ||
| 100 | 1 | _aDernburg, Thomas Frederick. | |
| 245 | 1 | 0 |
_aMacroeconomics : _bthe measurement, analysis, and control of aggregate economic activity / _cThomas F. Dernburg, Duncan M. McDougall. |
| 250 | _a6th ed. | ||
| 260 |
_aNew York : _bMcGraw-Hill, _cc1980. |
||
| 300 |
_aviii, 449 p. ; _c24 cm. |
||
| 504 | _aIncludes bibliographical references. | ||
| 500 | _aIncludes index. | ||
| 650 | 0 | _aMacroeconomics. | |
| 650 | 0 |
_aNational income _xAccounting. |
|
| 700 | 1 | _aMcDougall, Duncan M. | |
| 907 |
_a.b10073620 _b01-07-03 _c17-04-03 |
||
| 003 | |||
| 005 | 20230123133248.0 | ||
| 040 | _cNUST | ||
| 942 |
_cBOOKS _kHB172 |
||
| 999 |
_c145553 _d145553 |
||